[Event "Pardubice Czech op-A 34th"]
[Site "Pardubice"]
[Date "2023.07.24"]
[Round "4"]
[White "Haring, Filip"]
[Black "Gloser, David"]
[Result "1-0"]
[WhiteElo "2476"]
[BlackElo "2305"]
[PlyCount "53"]
[EventDate "2023.07.21"]
[EventType "swiss"]
[EventRounds "9"]
[EventCountry "CZE"]
[SourceTitle "CBM 215 Extra"]
[Source "ChessBase"]
[SourceDate "2023.09.30"]
[SourceVersion "1"]
[SourceVersionDate "2023.09.30"]
[SourceQuality "1"]

1. d4 d5 2. c4 e6 3. Nf3 Nf6 4. Nc3 a6 5. cxd5 exd5 6. Bg5 Be6 7. e3 Nbd7 8. Bd3 c6 9. 0-0 Bd6 10. Qc2 Qc7 11. h3 h6 12. Bxf6 Nxf6 13. Nh4 g5 14. Nf5 0-0-0 15. b4 Bxf5 16. Bxf5+ Kb8 17. a4 Bxb4 18. Rfb1 Bxc3 19. Qxc3 Ne8 20. Bd3 Kc8 21. Qc5 Nd6 22. Rb6 Kd7 23. Rab1 Rde8 24. Bf5+ Kd8 25. Rxb7 Qxb7 26. Qxd6+ Qd7 27. Qxd7# 1-0

[Event "CZE-chT1W 2223"]
[Site "Czech Republic"]
[Date "2022.11.13"]
[Round "3.3"]
[White "Stocek, Martin"]
[Black "Gloser, David"]
[Result "0-1"]
[WhiteElo "1945"]
[BlackElo "2268"]
[PlyCount "112"]
[EventDate "2022.10.09"]
[EventType "team-tourn"]
[EventRounds "11"]
[EventCountry "CZE"]
[SourceTitle "CBM 213 Extra"]
[Source "ChessBase"]
[SourceDate "2023.05.31"]
[SourceVersion "1"]
[SourceVersionDate "2023.05.31"]
[SourceQuality "1"]
[WhiteTeam "Polabiny III"]
[BlackTeam "Polabiny II"]
[WhiteTeamCountry "CZE"]
[BlackTeamCountry "CZE"]

1. d4 d5 2. c4 e6 3. Nc3 c5 4. Nf3 Nf6 5. cxd5 exd5 6. Be3 c4 7. g3 Bb4 8. Bg2 Bxc3+ 9. bxc3 h6 10. 0-0 Bf5 11. Ne5 0-0 12. Re1 Nc6 13. Qa4 Qc8 14. f3 a6 15. Bf4 Bh7 16. e4 b5 17. Qd1 Ra7 18. Qd2 a5 19. a3 Ra6 20. Nxc6 Qxc6 21. Be5 dxe4 22. Bxf6 e3 23. Rxe3 Qxf6 24. Rae1 Rb6 25. f4 Qd6 26. Qb2 Bd3 27. d5 Qc5 28. Qf2 Rbb8 29. Ra1 h5 30. Re5 Qd6 31. Qd4 h4 32. Bh3 hxg3 33. hxg3 b4 34. axb4 axb4 35. cxb4 Rxb4 36. Bf1 Rb3 37. Re3 Bxf1 38. Rxb3 cxb3 39. Rxf1 Rb8 40. Rf2 Qb4 41. Qb2 Qe1+ 42. Kg2 Qe4+ 43. Rf3 Rc8 44. Qxb3 Rc2+ 45. Kg1 Qe2 46. Qxc2 Qxc2 47. f5 Qd1+ 48. Kg2 Qxd5 49. Kf2 Kh7 50. Rf4 Kh6 51. Rh4+ Kg5 52. Rf4 Qd2+ 53. Kf3 Qc1 54. Ke4 Qh1+ 55. Ke3 Qg2 56. Rf3 Kg4 0-1

[Event "Prague Summer op 9th"]
[Site "Prague"]
[Date "2022.08.10"]
[Round "7"]
[White "Gloser, David"]
[Black "Salem, Ahmed Salem"]
[Result "1-0"]
[WhiteElo "2221"]
[BlackElo "2056"]
[PlyCount "53"]
[EventDate "2022.08.05"]
[EventType "swiss"]
[EventRounds "9"]
[EventCountry "CZE"]
[SourceTitle "CBM 209 Extra"]
[Source "ChessBase"]
[SourceDate "2022.09.30"]
[SourceVersion "1"]
[SourceVersionDate "2022.09.30"]
[SourceQuality "1"]

1. e4 c5 2. Nc3 Nc6 3. Nge2 e6 4. d4 cxd4 5. Nxd4 Qc7 6. Be3 a6 7. g4 b5 8. Nxc6 Qxc6 9. Qd2 Nf6 10. f3 Bb7 11. g5 Nh5 12. Bh3 Bc5 13. Bg4 g6 14. 0-0-0 Bxe3 15. Qxe3 Rc8 16. Qd4 Rg8 17. Rd2 Ng7 18. Rhd1 Rc7 19. Qe5 Kd8 20. Rd6 Qc4 21. Qf6+ Ke8 22. Rxd7 Rxd7 23. Rxd7 Kxd7 24. Qxf7+ Kd6 25. Qxg8 Qf1+ 26. Nd1 Bxe4 27. Qxg7 1-0

[Event "Pardubice Czech op-A 33rd"]
[Site "Pardubice"]
[Date "2022.07.29"]
[Round "8"]
[White "Gloser, David"]
[Black "Swicarz, Maciej"]
[Result "1/2-1/2"]
[WhiteElo "2221"]
[BlackElo "2335"]
[PlyCount "81"]
[EventDate "2022.07.22"]
[EventType "swiss"]
[EventRounds "9"]
[EventCountry "CZE"]
[SourceTitle "CBM 209 Extra"]
[Source "ChessBase"]
[SourceDate "2022.09.30"]
[SourceVersion "1"]
[SourceVersionDate "2022.09.30"]
[SourceQuality "1"]

1. e4 c5 2. Nf3 d6 3. d4 cxd4 4. Nxd4 Nf6 5. Nc3 a6 6. Be3 e5 7. Nb3 Be7 8. f3 Be6 9. Qd2 h5 10. Be2 Nbd7 11. Nd5 Bxd5 12. exd5 Qc7 13. c4 0-0 14. 0-0 g6 15. Na5 Rfc8 16. b4 Qb8 17. Rab1 Bd8 18. f4 Bxa5 19. bxa5 Ne4 20. Qc2 f5 21. Bd3 Ndf6 22. Bxe4 Nxe4 23. fxe5 Qc7 24. exd6 Qxc4 25. Qxc4 Rxc4 26. d7 Nf6 27. Rxb7 Rd8 28. Bg5 Rxd7 29. Rb8+ Kf7 30. Bxf6 Kxf6 31. Rb6+ Kg7 32. d6 Rd4 33. Rxa6 R4xd6 34. Rxd6 Rxd6 35. Rb1 Rd5 36. a6 Ra5 37. Ra1 Rxa6 38. a4 f4 39. a5 Kf6 40. Ra4 Kf5 41. h4 1/2-1/2

[Event "CZE-ch U18/20"]
[Site "Spindleruv Mlyn"]
[Date "2022.03.18"]
[Round "10"]
[White "Gloser, David"]
[Black "Babula, Vlastimil1111"]
[Result "0-1"]
[WhiteElo "2238"]
[BlackElo "2240"]
[PlyCount "90"]
[EventDate "2022.03.10"]
[EventType "tourn"]
[EventRounds "11"]
[EventCountry "CZE"]
[EventCategory "2"]
[SourceTitle "CBM 207 Extra"]
[Source "ChessBase"]
[SourceDate "2022.05.31"]
[SourceVersion "1"]
[SourceVersionDate "2022.05.31"]
[SourceQuality "1"]

1. e4 c5 2. Nc3 Nc6 3. g3 g6 4. Bg2 Bg7 5. d3 d6 6. f4 e6 7. Nf3 Nge7 8. 0-0 0-0 9. Be3 a6 10. Bf2 Rb8 11. a3 b5 12. Qd2 Qc7 13. g4 f5 14. h3 b4 15. Nd1 bxa3 16. Rxa3 Nd4 17. c3 Nxf3+ 18. Bxf3 d5 19. Bh4 Bb7 20. exf5 exf5 21. Qg2 Bf6 22. Bxf6 Rxf6 23. g5 Re6 24. Rb3 Bc6 25. Rxb8+ Qxb8 26. c4 Qxf4 27. Nc3 Qe3+ 28. Kh1 d4 29. Bxc6 Nxc6 30. Nd5 Qe2 31. Rf2 Qxd3 32. Rd2 Qxc4 33. Rc2 Qd3 34. Rd2 Qc4 35. Rc2 Qa4 36. Nf6+ Kg7 37. Rf2 Qb3 38. h4 Re1+ 39. Kh2 Qe6 40. h5 Qe5+ 41. Kh3 Re3+ 42. Kh4 d3 43. h6+ Kh8 44. Rf3 Rxf3 45. Qxf3 Qh2+ 0-1

[Event "CZE-ch U18/20"]
[Site "Spindleruv Mlyn"]
[Date "2022.03.14"]
[Round "5"]
[White "Gloser, David"]
[Black "Ocelak, Jakub"]
[Result "1/2-1/2"]
[WhiteElo "2238"]
[BlackElo "2053"]
[PlyCount "63"]
[EventDate "2022.03.10"]
[EventType "tourn"]
[EventRounds "11"]
[EventCountry "CZE"]
[EventCategory "2"]
[SourceTitle "CBM 207 Extra"]
[Source "ChessBase"]
[SourceDate "2022.05.31"]
[SourceVersion "1"]
[SourceVersionDate "2022.05.31"]
[SourceQuality "1"]

1. e4 e5 2. Nf3 Nc6 3. Bc4 Bc5 4. d3 Nf6 5. 0-0 0-0 6. Bg5 h6 7. Bh4 Be7 8. Nbd2 d6 9. c3 Kh8 10. b4 Nh7 11. Bxe7 Nxe7 12. d4 Ng6 13. Re1 Qf6 14. h3 Nf4 15. Bf1 Ng5 16. Nxg5 Qxg5 17. Kh2 Qf6 18. Qf3 Qg5 19. Re3 Be6 20. g3 Ng6 21. Qe2 Qf6 22. Nf3 c6 23. Bg2 Rfd8 24. a4 Qe7 25. Qb2 Qc7 26. Rc1 a5 27. Rb1 axb4 28. Qxb4 Ra7 29. Rd3 Rda8 30. dxe5 dxe5 31. a5 Rxa5 32. Qxb7 1/2-1/2

[Event "CZE-chT1W 2122"]
[Site "Czech Republic"]
[Date "2022.01.09"]
[Round "6.4"]
[White "Orsag, Milan"]
[Black "Gloser, David"]
[Result "0-1"]
[WhiteElo "2312"]
[BlackElo "2179"]
[PlyCount "94"]
[EventDate "2021.10.10"]
[EventType "team-tourn"]
[EventRounds "11"]
[EventCountry "CZE"]
[SourceTitle "EXT 2023"]
[Source "ChessBase"]
[SourceDate "2022.10.05"]
[SourceVersion "1"]
[SourceVersionDate "2022.10.05"]
[SourceQuality "1"]
[WhiteTeam "Neratovice"]
[BlackTeam "Polabiny II"]
[WhiteTeamCountry "CZE"]
[BlackTeamCountry "CZE"]

1. d4 Nf6 2. c4 e6 3. Nf3 d5 4. Nc3 c5 5. cxd5 exd5 6. g3 Nc6 7. Bg2 cxd4 8. Nxd4 Bc5 9. Nb3 Bb6 10. 0-0 d4 11. Na4 0-0 12. Bg5 Re8 13. Re1 h6 14. Nxb6 axb6 15. Bxc6 bxc6 16. Bxf6 Qxf6 17. Qxd4 c5 18. Qxf6 gxf6 19. a3 Ba6 20. e3 Rad8 21. Rad1 Bd3 22. Rd2 Bc4 23. Rxd8 Rxd8 24. Nc1 Rd2 25. b3 Ba6 26. a4 f5 27. h3 Kg7 28. g4 fxg4 29. hxg4 Bc8 30. Ne2 Bxg4 31. Nf4 Bd1 32. Kg2 Bxb3 33. Rb1 c4 34. e4 Rd1 35. Rb2 Bxa4 36. Nd5 b5 37. Nc3 Rc1 38. Nxb5 c3 39. Rb4 c2 40. Rxa4 Rg1+ 41. Kxg1 c1Q+ 42. Kg2 Qg5+ 43. Kh3 Qxb5 44. Ra3 Qf1+ 45. Kg3 Qg1+ 46. Kf3 h5 47. Ra5 Qg4+ 0-1

[Event "Pardubice Czech op-A 32nd"]
[Site "Pardubice"]
[Date "2021.07.26"]
[Round "4"]
[White "Gloser, David"]
[Black "Kozusek, Daniel"]
[Result "0-1"]
[WhiteElo "2152"]
[BlackElo "2327"]
[PlyCount "66"]
[EventDate "2021.07.23"]
[EventType "swiss"]
[EventRounds "9"]
[EventCountry "CZE"]
[SourceTitle "CBM 203 Extra"]
[Source "ChessBase"]
[SourceDate "2021.09.30"]
[SourceVersion "1"]
[SourceVersionDate "2021.09.30"]
[SourceQuality "1"]

1. e4 e6 2. d4 d5 3. e5 c5 4. c3 Nc6 5. Nf3 Qb6 6. Be2 cxd4 7. cxd4 Nh6 8. b3 Nf5 9. Bb2 Bb4+ 10. Kf1 0-0 11. Na3 f6 12. exf6 Rxf6 13. Nc2 Bd6 14. g3 Bd7 15. Kg2 Raf8 16. Rf1 Be8 17. Ne5 Nb4 18. Nxb4 Qxb4 19. a4 Bxe5 20. dxe5 Qe4+ 21. f3 Ne3+ 22. Kg1 Nxd1 23. fxe4 Rxf1+ 24. Bxf1 Nxb2 25. Rb1 Rxf1+ 26. Kxf1 Nd3 27. exd5 exd5 28. Rd1 Bg6 29. Rd2 Nb4 30. Rd4 a5 31. Rf4 Bf7 32. Ke2 Nc6 33. Kd3 b6 0-1

[Event "CZE-ch Betsys Online Blitz"]
[Site "Chess.com INT"]
[Date "2021.04.17"]
[Round "12"]
[White "Gloser, David"]
[Black "Balacek, Tadeas"]
[Result "1-0"]
[WhiteElo "2152"]
[BlackElo "2356"]
[PlyCount "51"]
[EventDate "2021.04.17"]
[EventType "swiss (blitz)"]
[EventRounds "13"]
[EventCountry "CZE"]
[SourceTitle "CBM 201 Extra"]
[Source "ChessBase"]
[SourceDate "2021.05.31"]
[SourceVersion "1"]
[SourceVersionDate "2021.05.31"]
[SourceQuality "1"]

1. e4 a5 2. d4 b6 3. Bd3 Bb7 4. Nf3 e6 5. 0-0 g6 6. Qe2 Bg7 7. Nbd2 Ne7 8. e5 d6 9. Ne4 Nbc6 10. Bg5 h6 11. Bf6 Kf8 12. Rad1 Qd7 13. Bb5 Nd5 14. c4 Nf4 15. Qe3 g5 16. d5 exd5 17. cxd5 Qg4 18. Ng3 Nxe5 19. Nxe5 dxe5 20. f3 Qc8 21. Bxe5 f6 22. Bxf4 gxf4 23. Qxf4 h5 24. Rfe1 Kf7 25. Nf5 Kg6 26. Ne7+ 1-0

[Event "CZE-ch Betsys Online Blitz"]
[Site "Chess.com INT"]
[Date "2021.04.17"]
[Round "10"]
[White "Gloser, David"]
[Black "Sikorova, Olga"]
[Result "1-0"]
[WhiteElo "2152"]
[BlackElo "2215"]
[PlyCount "77"]
[EventDate "2021.04.17"]
[EventType "swiss (blitz)"]
[EventRounds "13"]
[EventCountry "CZE"]
[SourceTitle "CBM 201 Extra"]
[Source "ChessBase"]
[SourceDate "2021.05.31"]
[SourceVersion "1"]
[SourceVersionDate "2021.05.31"]
[SourceQuality "1"]

1. e4 e6 2. d4 d5 3. e5 c5 4. c3 Nc6 5. Nf3 Bd7 6. a3 f6 7. Bd3 c4 8. Bc2 Qc7 9. Qe2 0-0-0 10. Nbd2 fxe5 11. Nxe5 Nxe5 12. dxe5 Ne7 13. Nf3 Nc6 14. 0-0 Be7 15. Re1 g5 16. Bxg5 Rdg8 17. Bxe7 Nxe7 18. Nd4 Nc6 19. Rad1 Nxd4 20. Rxd4 Qd8 21. Qe3 h5 22. b3 cxb3 23. Bxb3 Qf8 24. c4 Qg7 25. g3 h4 26. cxd5 hxg3 27. fxg3 Qh7 28. Re2 Kb8 29. Bc2 Qe7 30. d6 Qd8 31. Be4 Rh5 32. Bf3 Rhg5 33. Rb4 b6 34. Qe4 Rxg3+ 35. hxg3 Rxg3+ 36. Rg2 Rxf3 37. Qxf3 Qe8 38. Rf4 Bc6 39. Rf8 1-0

[Event "CZE-ch Betsys Online Blitz"]
[Site "Chess.com INT"]
[Date "2021.04.17"]
[Round "5"]
[White "Gloser, David"]
[Black "Zuziak, Petr"]
[Result "1/2-1/2"]
[WhiteElo "2152"]
[BlackElo "1797"]
[PlyCount "109"]
[EventDate "2021.04.17"]
[EventType "swiss (blitz)"]
[EventRounds "13"]
[EventCountry "CZE"]
[SourceTitle "CBM 201 Extra"]
[Source "ChessBase"]
[SourceDate "2021.05.31"]
[SourceVersion "1"]
[SourceVersionDate "2021.05.31"]
[SourceQuality "1"]

1. e4 g6 2. d4 c6 3. Nc3 d5 4. Nf3 Bg7 5. h3 Nf6 6. Bd3 dxe4 7. Nxe4 0-0 8. 0-0 Be6 9. b3 Bd5 10. Nxf6+ Bxf6 11. Ne5 Qd6 12. Bb2 Nd7 13. c4 Be6 14. Qe2 Qc7 15. Rad1 Rad8 16. Bb1 Nxe5 17. dxe5 Bg7 18. h4 c5 19. h5 Rd7 20. Rxd7 Qxd7 21. Rd1 Qc7 22. Rd2 Rd8 23. hxg6 hxg6 24. Rxd8+ Qxd8 25. Qd3 Qxd3 26. Bxd3 b6 27. f4 f5 28. exf6 exf6 29. Bxg6 f5 30. Bxg7 Kxg7 31. Bh5 Kh6 32. Bf3 Kg6 33. Kf2 Kf6 34. Kg3 Bf7 35. Kh4 Be8 36. Bd1 b5 37. a4 bxc4 38. bxc4 Bf7 39. Be2 a5 40. g4 fxg4 41. Kxg4 Be8 42. Bd1 Bc6 43. Kg3 Be4 44. Kf2 Bd3 45. Bb3 Kf5 46. Ke3 Bb1 47. Bd1 Be4 48. Be2 Bc2 49. Bf3 Bxa4 50. Bg2 Bb3 51. Bh3+ Kf6 52. Bf1 Kf5 53. Bh3+ Kf6 54. Bf1 Kf5 55. Bh3+ 1/2-1/2

[Event "CZE-ch Betsys Online Blitz"]
[Site "Chess.com INT"]
[Date "2021.04.17"]
[Round "11"]
[White "Neuman, Petr"]
[Black "Gloser, David"]
[Result "1-0"]
[WhiteElo "2394"]
[BlackElo "2152"]
[PlyCount "53"]
[EventDate "2021.04.17"]
[EventType "swiss (blitz)"]
[EventRounds "13"]
[EventCountry "CZE"]
[SourceTitle "CBM 201 Extra"]
[Source "ChessBase"]
[SourceDate "2021.05.31"]
[SourceVersion "1"]
[SourceVersionDate "2021.05.31"]
[SourceQuality "1"]

1. d4 d5 2. c4 e6 3. Nc3 Nf6 4. cxd5 exd5 5. Bg5 Be7 6. e3 0-0 7. Qc2 c6 8. Bd3 Nbd7 9. Nge2 Re8 10. 0-0 Nf8 11. Rab1 a5 12. f3 b5 13. Rbd1 Ba6 14. e4 dxe4 15. fxe4 Ne6 16. Bxf6 Bxf6 17. e5 Bg5 18. Bxh7+ Kh8 19. Bf5 b4 20. Ne4 Nxd4 21. Nxd4 Be3+ 22. Kh1 Bxd4 23. Nd6 Qe7 24. Rfe1 c5 25. Qb3 Rf8 26. Qh3+ Kg8 27. Qh7# 1-0

[Event "Pardubice Czech op-A 31st"]
[Site "Pardubice"]
[Date "2020.09.26"]
[Round "6"]
[White "Gloser, David"]
[Black "Trybus, Daniel"]
[Result "0-1"]
[WhiteElo "2248"]
[BlackElo "1997"]
[PlyCount "58"]
[EventDate "2020.09.21"]
[EventType "swiss"]
[EventRounds "9"]
[EventCountry "CZE"]
[SourceTitle "CBM 198 Extra"]
[Source "ChessBase"]
[SourceDate "2020.11.30"]
[SourceVersion "1"]
[SourceVersionDate "2020.11.30"]
[SourceQuality "1"]

1. e4 Nf6 2. e5 Nd5 3. Nf3 g6 4. d4 Bg7 5. Bc4 Nb6 6. Bb3 d5 7. 0-0 Nc6 8. c3 0-0 9. Re1 f6 10. h3 fxe5 11. Nxe5 Nxe5 12. dxe5 Bf5 13. Nd2 e6 14. Qe2 Qh4 15. Nf3 Qe7 16. Bg5 Qf7 17. Nd4 Nd7 18. Bf6 Nxf6 19. exf6 Bxf6 20. f3 Bh4 21. Red1 Bg3 22. c4 c6 23. Qd2 Qf6 24. Ne2 Be5 25. Rf1 Bxb2 26. Rad1 Rad8 27. Qb4 Qe5 28. Rd2 Qe3+ 29. Kh1 c5 0-1

[Event "Pardubice Czech op-A 31st"]
[Site "Pardubice"]
[Date "2020.09.24"]
[Round "4"]
[White "Gloser, David"]
[Black "Nemcova, Karin"]
[Result "1/2-1/2"]
[WhiteElo "2248"]
[BlackElo "1983"]
[PlyCount "51"]
[EventDate "2020.09.21"]
[EventType "swiss"]
[EventRounds "9"]
[EventCountry "CZE"]
[SourceTitle "CBM 198 Extra"]
[Source "ChessBase"]
[SourceDate "2020.11.30"]
[SourceVersion "1"]
[SourceVersionDate "2020.11.30"]
[SourceQuality "1"]

1. e4 c5 2. Nf3 d6 3. Nc3 Nf6 4. e5 dxe5 5. Nxe5 Nbd7 6. d4 e6 7. Bb5 a6 8. Bxd7+ Bxd7 9. Bg5 Qc7 10. Qf3 Bc6 11. Nxc6 Qxc6 12. Qxc6+ bxc6 13. 0-0-0 Nd5 14. Nxd5 cxd5 15. dxc5 Bxc5 16. Be3 Bxe3+ 17. fxe3 Ke7 18. Rd4 Rhc8 19. Rhd1 f5 20. Ra4 Rc6 21. Ra5 h5 22. Rd4 Rb8 23. Rda4 Rbb6 24. b3 Kd6 25. Kd2 g5 26. Kd3 1/2-1/2

[Event "CZE-ch rapid U20"]
[Site "Ceska Trebova"]
[Date "2020.09.19"]
[Round "4"]
[White "Gloser, David"]
[Black "Jares, Michal"]
[Result "1/2-1/2"]
[WhiteElo "2248"]
[BlackElo "1832"]
[PlyCount "68"]
[EventDate "2020.09.19"]
[EventType "swiss (rapid)"]
[EventRounds "9"]
[EventCountry "CZE"]
[SourceTitle "CBM 198 Extra"]
[Source "ChessBase"]
[SourceDate "2020.11.30"]
[SourceVersion "1"]
[SourceVersionDate "2020.11.30"]
[SourceQuality "1"]

1. e4 c5 2. Nc3 d6 3. f4 e6 4. Nf3 Ne7 5. Bc4 Nbc6 6. d3 g6 7. 0-0 Bg7 8. Qe1 0-0 9. f5 d5 10. Bb3 c4 11. dxc4 d4 12. f6 Bxf6 13. Ne2 Bg7 14. Ng3 e5 15. Kh1 Na5 16. Bd2 Nxb3 17. axb3 f6 18. Qc1 Be6 19. Bh6 Nc6 20. h4 Qe7 21. Qd2 a6 22. Rae1 b5 23. cxb5 axb5 24. Ra1 Qb4 25. Rfc1 Rfc8 26. Ne1 Bxh6 27. Qxh6 Qf8 28. Qd2 Rxa1 29. Rxa1 Ra8 30. Rxa8 Qxa8 31. Nd3 Bf7 32. h5 Qf8 33. Kg1 Qe7 34. Qe1 Be8 1/2-1/2

[Event "CZE-ch rapid U20"]
[Site "Ceska Trebova"]
[Date "2020.09.19"]
[Round "5"]
[White "Svanda, Ondrej"]
[Black "Gloser, David"]
[Result "1/2-1/2"]
[WhiteElo "1973"]
[BlackElo "2248"]
[PlyCount "70"]
[EventDate "2020.09.19"]
[EventType "swiss (rapid)"]
[EventRounds "9"]
[EventCountry "CZE"]
[SourceTitle "CBM 198 Extra"]
[Source "ChessBase"]
[SourceDate "2020.11.30"]
[SourceVersion "1"]
[SourceVersionDate "2020.11.30"]
[SourceQuality "1"]

1. Nf3 c5 2. e4 d6 3. Bb5+ Bd7 4. Bxd7+ Qxd7 5. c4 Nc6 6. d4 cxd4 7. Nxd4 g6 8. Be3 Bg7 9. Nc3 Nf6 10. f3 0-0 11. 0-0 Rfc8 12. b3 a6 13. a4 Qd8 14. Rc1 Nd7 15. Nde2 Qa5 16. Qc2 Nc5 17. Rb1 Rab8 18. Rfc1 Qd8 19. Rd1 Ne6 20. f4 Qf8 21. Nd5 a5 22. f5 Nc5 23. Bxc5 dxc5 24. Nb6 Nd4 25. Nxd4 Bxd4+ 26. Rxd4 cxd4 27. Nxc8 Qxc8 28. Qd2 Qc5 29. Kh1 Rd8 30. Qd3 Kg7 31. Rf1 f6 32. h4 Rd6 33. g3 Qe5 34. Kg2 e6 35. g4 h6 1/2-1/2

[Event "CZE-ch"]
[Site "Plzen"]
[Date "2020.08.31"]
[Round "9"]
[White "Gloser, David"]
[Black "Paseka, Matyas"]
[Result "1-0"]
[WhiteElo "2248"]
[BlackElo "1959"]
[PlyCount "51"]
[EventDate "2020.08.23"]
[EventType "swiss"]
[EventRounds "9"]
[EventCountry "CZE"]
[SourceTitle "CBM 198 Extra"]
[Source "ChessBase"]
[SourceDate "2020.11.30"]
[SourceVersion "1"]
[SourceVersionDate "2020.11.30"]
[SourceQuality "1"]

1. f4 d5 2. Nf3 Nf6 3. b3 g6 4. Bb2 Bg7 5. e3 0-0 6. Be2 c5 7. 0-0 Nc6 8. Ne5 Qc7 9. Bf3 e6 10. c4 Nd7 11. d4 Ndxe5 12. dxe5 dxc4 13. bxc4 Rd8 14. Qe2 Qd7 15. Nc3 Qd2 16. Qxd2 Rxd2 17. Na4 Bd7 18. Bc1 Rc2 19. Nxc5 Be8 20. Nxb7 Rb8 21. Nd6 Nxe5 22. fxe5 Bxe5 23. Ba3 Bxa1 24. Rxa1 Ba4 25. Bc5 Rd8 26. Bd1 1-0

[Event "CZE-ch"]
[Site "Plzen"]
[Date "2020.08.28"]
[Round "6"]
[White "Gloser, David"]
[Black "Simacek, Pavel"]
[Result "0-1"]
[WhiteElo "2248"]
[BlackElo "2474"]
[PlyCount "62"]
[EventDate "2020.08.23"]
[EventType "swiss"]
[EventRounds "9"]
[EventCountry "CZE"]
[SourceTitle "CBM 198 Extra"]
[Source "ChessBase"]
[SourceDate "2020.11.30"]
[SourceVersion "1"]
[SourceVersionDate "2020.11.30"]
[SourceQuality "1"]

1. d4 Nf6 2. c4 c5 3. d5 e6 4. Nc3 exd5 5. cxd5 d6 6. Nf3 g6 7. Bf4 a6 8. a4 Bg7 9. h3 0-0 10. e3 Re8 11. Nd2 Nbd7 12. Be2 Ne5 13. 0-0 Nfd7 14. Bh2 f5 15. Qc2 Nf6 16. Rae1 Rb8 17. f4 Nf7 18. Bd3 Bd7 19. e4 fxe4 20. Ndxe4 Nxe4 21. Rxe4 Rxe4 22. Bxe4 Bd4+ 23. Kh1 Qf6 24. Rb1 Re8 25. Bd3 Nh6 26. Ne4 Qh4 27. Nxd6 Re1+ 28. Bf1 Nf5 29. Nc4 b5 30. Nd2 Qf2 31. Qd3 Rxb1 0-1

[Event "CZE-ch"]
[Site "Plzen"]
[Date "2020.08.25"]
[Round "3"]
[White "Gloser, David"]
[Black "Sorm, Daniel"]
[Result "1/2-1/2"]
[WhiteElo "2248"]
[BlackElo "2343"]
[PlyCount "61"]
[EventDate "2020.08.23"]
[EventType "swiss"]
[EventRounds "9"]
[EventCountry "CZE"]
[SourceTitle "CBM 198 Extra"]
[Source "ChessBase"]
[SourceDate "2020.11.30"]
[SourceVersion "1"]
[SourceVersionDate "2020.11.30"]
[SourceQuality "1"]

1. d4 Nf6 2. c4 e6 3. Nc3 Bb4 4. e3 0-0 5. Bd3 d5 6. Nf3 c5 7. 0-0 Nc6 8. a3 Bxc3 9. bxc3 dxc4 10. Bxc4 Qc7 11. Qe2 e5 12. Nxe5 Nxe5 13. dxe5 Qxe5 14. h3 Ne4 15. Bb2 Be6 16. Bxe6 Qxe6 17. c4 Rfd8 18. Rfd1 Rd6 19. f3 Ng3 20. Qf2 Rad8 21. Rd5 Nf5 22. e4 Ne7 23. Qxc5 Nxd5 24. cxd5 b6 25. Qd4 Qg6 26. Rc1 f6 27. Rc7 R6d7 28. Rc6 Qf7 29. Qc4 h6 30. a4 Qf8 31. Qc3 1/2-1/2